| 000 | 00480nam a2200205Ia 4500 | ||
|---|---|---|---|
| 003 | OSt | ||
| 005 | 20260107112459.0 | ||
| 008 | 210210b2019 xxu||||| |||| 00| 0 eng d | ||
| 020 | _a9781409181637 | ||
| 040 | _cAL | ||
| 041 | _aeng | ||
| 082 | _a823.92 MICS | ||
| 100 |
_aAlex Michaelides _9250485 |
||
| 245 | _aSilent patient | ||
| 260 |
_aLondon _bOrion Books Ltd., _c2019 |
||
| 300 | _ax,341 | ||
| 690 |
_aEnglish Fiction _9250486 |
||
| 906 | _a074068 | ||
| 942 |
_2ddc _cBK |
||
| 999 |
_c123837 _d123837 |
||